Political theories of the ancient world (Record no. 356519)

000 -LEADER
fixed length control field 00608cam a22001577a 4500
008 - FIXED-LENGTH DATA ELEMENTS--GENERAL INFORMATION
fixed length control field 180718b1969 xxu||||| |||| 00| 0 eng d
082 ## - DEWEY DECIMAL CLASSIFICATION NUMBER
Classification number B20 W684
100 ## - MAIN ENTRY--PERSONAL NAME
Personal name Willoughby, Westel Woodbyry
245 ## - TITLE STATEMENT
Title Political theories of the ancient world
Statement of responsibility, etc. by Westel Woodbury Willoughby
260 ## - PUBLICATION, DISTRIBUTION, ETC.
Place of publication, distribution, etc. Free Port
Name of publisher, distributor, etc. Bks. For Libraries Press
Date of publication, distribution, etc. 1969
300 ## - PHYSICAL DESCRIPTION
Extent xiii,294p.
500 ## - GENERAL NOTE
General note Select Bibliographies Reprint Series, First Pub. 1903, $14.50
650 ## - SUBJECT ADDED ENTRY--TOPICAL TERM
Topical term or geographic name entry element Rome --Politics and government. [from old catalog]
650 ## - SUBJECT ADDED ENTRY--TOPICAL TERM
Topical term or geographic name entry element Greece --Politics and government. [from old catalog]
650 ## - SUBJECT ADDED ENTRY--TOPICAL TERM
Topical term or geographic name entry element Political science --History
Holdings
Withdrawn status Lost status Damaged status Not for loan Permanent Location Current Location Date acquired Full call number Barcode Date last seen Price effective from Koha item type
        Indian Institute of Public Administration Indian Institute of Public Administration 1994-01-05 B20 W684 46177 2018-07-21 2018-07-21 Book

Powered by Koha